01074cam a2200277 a 45000010009000000050017000090080041000260100017000670200022000840200025001060820019001311000026001502450133001762500012003092600081003213000035004025000024004375040064004616500018005256530021005436500041005647000030006059420012006359990017006479520132006641736546020161123191459.0120628s2012 enka b 001 0 eng d a 2012406229 a0230301843 (pbk.) a9780230301849 (pbk.)04a332.4222bGOD1 aGodley, Wynne.93212610aMonetary Economics :ban Integrated Approach to Credit, Money, Income, Production and Wealth /cby Wynne Godley and Marx Lavoie. a2nd ed. aHoundmills, Basingstoke, Hampshire ;aNew York :bPalgrave Macmillan,c2012. axlvi, 530 p. :bill. ;c22 cm. aPrevious ed.: 2007. aIncludes bibliographical references (p. 501-513) and index. 0aMoney.932127 bEcocJanuary2013 094003aEconomicsxMathematical models1 aLavoie, M.q(Marc)932128 2ddccBB c17169d17141 00102ddc40708M-E-OaMAINbMAINc1STd2013-01-30epurchaseg370.00h001338l0o332.4 GODp000027931r2025-07-15 00:00:00yBB